000 00755nam a22001337a 4500
008 110616t xxu||||| |||| 00| 0 eng d
010 _aCACAF47
245 _aCourt of Appeal Criminal Appeal No. 197 OF 2003 Nyasio Bumali Vs Uganda
260 _c2003
500 _aCoram: Hon. Justice A.E.N. Mpagi-Bahigeine, JA Hon. Justice A. Twinomujuni, JA Hon. Justice C.N.B. Kitumba, JA
500 _aAppeal from the sentence of the High Court of Uganda at Mubende Akiiki-Kiiza, J. dated 22/10/2003 in Criminal Session Case No. 20 of 2002
999 _c3124
_d3124